000
00288nam a22001217a 4500
008
171005b xxu||||| |||| 00| 0 eng d
041
_a
eng
080
_2
5 ED
_a
159.9
100
_a
49
101
_a
PSI
245
_a
COMPRESIVE TEXTBOOK OF PSYCHIAATRY
_c
KAPLAN.H.I
942
_2
udc
_c
BK
999
_c
31986
_d
31986